000
00326nam a22001457a 4500
008
230502b ||||| |||| 00| 0 eng d
020
_a
9780838910160
041
_a
eng
080
_2
SECOND EDITION
_a
37
082
_a
37GIE
100
_a
22
101
_a
EDU
245
_a
LIBRARY SUPERVISION
_c
GIESECKE.J
942
_2
udc
_c
BK
999
_c
59652
_d
59652